Normal view
MARC view
- Nasim, Mariam
Entry Personal Name
001 - CONTROL NUMBER
- control field: 124617
003 - CONTROL NUMBER IDENTIFIER
- control field: NUST
005 - DATE AND TIME OF LATEST TRANSACTION
- control field: 20240719102126.0
008 - FIXED-LENGTH DATA ELEMENTS
- fixed length control field: 240719|| aca||aabn | a|a d
040 ## - CATALOGING SOURCE
- Original cataloging agency: NUST
- Transcribing agency: NUST
100 ## - HEADING--PERSONAL NAME
- Personal name: Nasim, Mariam
670 ## - SOURCE DATA FOUND
- Source citation: Work cat.: (NUST): Nasim, Mariam, Advancing fabric defect detection in real world manufacturing using deep learning /
